Art of leadership in Indian army (Record no. 395452)

MARC details
000 -LEADER
fixed length control field 00490 a2200193 4500
005 - DATE & TIME
control field 20260213164305.0
008 - FIXED-LENGTH DATA ELEMENTS--GENERAL INFORMATION
fixed length control field 260213b |||||||| |||| 00| 0 eng d
020 ## - ISBN
International Standard Book Number 9789394384712
Price Rs. 1850.00
040 ## - CATALOGING SOURCE
Original cataloging agency VIVEKANANDA LIBRARY
082 ## - DDC NUMBER
Classification number 355.33
Book Number V72A
100 ## - MAIN ENTRY--PERSONAL NAME
Personal name Rahi, Vimal
245 ## - TITLE STATEMENT
Title Art of leadership in Indian army
260 ## - PUBLICATION, DISTRIBUTION, ETC. (IMPRINT)
Name of publisher, distributor, etc Saddle Publishers
Date of publication, distribution, etc 2023
Place of publication, distribution, etc Delhi
300 ## - PHYSICAL DESCRIPTION
Pages viii, 256
650 ## - Subject
Subject Military Science
650 ## - Subject
Subject Indian Army
650 ## - Subject
Subject Leadership
942 ## - ADDED ENTRY ELEMENTS (KOHA)
Koha item type Books
Holdings
Withdrawn status Lost status Source of classification or shelving scheme Damaged status Not for loan Location (home branch) Sublocation or collection (holding branch) Shelving location Date acquired Koha issues (times borrowed) Koha full call number Accession No. Koha date last seen Koha item type
    Dewey Decimal Classification     VIVEKANANDA LIBRARY VIVEKANANDA LIBRARY Vivekananda Library 06/01/2026   355.33 V72A 444074 06/01/2026 Books
© Designed and Maintained by Vivekananda Library, MDU Rohtak